| 000 | 01440nam a22003977a 4500 | ||
|---|---|---|---|
| 003 | CHAP | ||
| 005 | 20220329134458.0 | ||
| 008 | 971013s1994 r 00010 d | ||
| 010 | _a20981 | ||
| 011 | _a21953 | ||
| 035 | _a26044 | ||
| 040 | _cCHAP | ||
| 090 | _aTesis | ||
| 100 | 0 | 0 |
_aRojas Aguilar, Enrique. _999267 |
| 245 | _aUso de soluciones de tipo homeopático de AIB (Acido indolbutírico) en el enraizamiento de estacas de clavel, crisantemo y nochebuena | ||
| 260 |
_aChapingo, Méx. : _bEl autor, _c1994 |
||
| 300 |
_a62 h. _b; gráfs. |
||
| 502 | _aTesis (Ing. Agr. Esp. en Fitotecnia) -- UACH. Departamento de Fitotecnia | ||
| 590 |
_aALEPH _b10 _c20130110 _lUCH01 _h1245 |
||
| 590 |
_aBATCH-UPD _b10 _c20130110 _lUCH01 _h1702 |
||
| 590 |
_aBATCH-UPD _b10 _c20130410 _lUCH01 _h1049 |
||
| 590 |
_aBATCH-UPD _b10 _c20130914 _lUCH01 _h0341 |
||
| 590 |
_aBATCH-UPD _b10 _c20130914 _lUCH01 _h2008 |
||
| 590 |
_aCONVERSION _b10 _c20130109 _lUCH01 _h1312 |
||
| 650 | 1 | 4 |
_aAcido indolbutírico. _9590 |
| 650 | 1 | 4 |
_aClavel _xPropagación. _923709 |
| 650 | 1 | 4 |
_aCrisantemo _xPropagación. _928965 |
| 650 | 1 | 4 |
_aEnraizamiento. _937013 |
| 650 | 1 | 4 |
_aFlor de nochebuena _xPropagación. _941312 |
| 650 | 1 | 4 |
_aPropagación de flores. _992412 |
| 901 | _aBK | ||
| 942 | _cFOLL | ||
| 949 |
_bBC _cTES _d-60202 _eTS1 _h27044 _i26044 _si |
||
| 949 |
_bBC _cTES _d-60203 _eTS2 _fc.2 _h27045 _i26044 _si |
||
| 949 |
_bBC _cTES _d-60205 _eTS2 _fc.3 _h27046 _i26044 _si |
||
| 999 |
_c20981 _d20981 |
||